安徽省县级行政区划 - Statistics

General Stats
  • This quiz has been taken 209 times
  • The average score is 54 of 104
Answer Stats
Hint Answer % Correct
合肥市 肥东县
94%
合肥市 肥西县
94%
合肥市 巢湖市
88%
芜湖市 无为市
81%
合肥市 蜀山区
78%
黄山市 黄山区
78%
滁州市 天长市
78%
合肥市 包河区
76%
合肥市 瑶海区
74%
黄山市 歙县
72%
合肥市 长丰县
71%
合肥市 庐江县
69%
黄山市 黟县
69%
滁州市 凤阳县
69%
宣城市 宣州区
69%
安庆市 桐城市
65%
淮南市 寿县
64%
马鞍山市 和县
64%
宣城市 宁国市
63%
宿州市 砀山县
62%
宿州市 萧县
62%
黄山市 徽州区
61%
六安市 金寨县
61%
宣城市 绩溪县
61%
合肥市 庐阳区
60%
芜湖市 鸠江区
60%
铜陵市 枞阳县
59%
滁州市 全椒县
58%
芜湖市 弋江区
57%
芜湖市 繁昌区
57%
马鞍山市 当涂县
57%
芜湖市 湾沚区
56%
芜湖市 南陵县
56%
马鞍山市 花山区
56%
安庆市 太湖县
56%
滁州市 琅琊区
56%
马鞍山市 雨山区
55%
铜陵市 郊区
55%
黄山市 屯溪区
55%
池州市 东至县
54%
宣城市 广德市
54%
淮北市 濉溪县
53%
芜湖市 镜湖区
52%
蚌埠市 怀远县
52%
马鞍山市 含山县
52%
滁州市 明光市
52%
六安市 霍邱县
52%
六安市 舒城县
52%
亳州市 涡阳县
52%
黄山市 休宁县
51%
亳州市 利辛县
51%
安庆市 宿松县
50%
安庆市 潜山市
50%
黄山市 祁门县
50%
亳州市 蒙城县
50%
蚌埠市 龙子湖区
49%
淮南市 八公山区
49%
阜阳市 界首市
48%
宿州市 泗县
48%
池州市 贵池区
48%
马鞍山市 博望区
47%
滁州市 来安县
47%
阜阳市 阜南县
47%
阜阳市 颍上县
47%
蚌埠市 固镇县
46%
阜阳市 太和县
46%
六安市 叶集区
46%
池州市 石台县
46%
宿州市 灵璧县
45%
铜陵市 铜官区
44%
六安市 霍山县
44%
亳州市 谯城区
44%
池州市 青阳县
44%
安庆市 望江县
43%
宣城市 郎溪县
43%
宣城市 泾县
43%
蚌埠市 五河县
42%
安庆市 岳西县
42%
阜阳市 颍州区
42%
宿州市 埇桥区
42%
六安市 金安区
42%
滁州市 定远县
41%
阜阳市 临泉县
41%
淮南市 谢家集区
40%
淮南市 凤台县
40%
安庆市 大观区
38%
宣城市 旌德县
38%
蚌埠市 蚌山区
37%
铜陵市 义安区
37%
安庆市 怀宁县
37%
六安市 裕安区
37%
淮北市 烈山区
36%
淮南市 田家庵区
34%
淮南市 潘集区
34%
安庆市 宜秀区
34%
阜阳市 颍东区
34%
蚌埠市 淮上区
33%
蚌埠市 禹会区
31%
滁州市 南谯区
31%
淮北市 相山区
30%
安庆市 迎江区
30%
淮南市 大通区
29%
淮北市 杜集区
27%
阜阳市 颍泉区
26%
No matching quizzes found
Score Distribution
Percent of People with Each Score
Percentile by Number Answered
Your Score History
You have not taken this quiz